Jorge A. Flores Ochoa, Notas Exegéticas y Testimonios : (Record no. 23198)

000 -CABECERA
fixed length control field 00763nam a22001817i 4500
003 - IDENTIFICADOR DEL NÚMERO DE CONTROL
control field AR-CdUCM
008 - DATOS DE LONGITUD FIJA--INFORMACIÓN GENERAL
fixed length control field 250124b20222022 pe||||| |||| 00| 0 spa d
040 ## - FUENTE DE LA CATALOGACIÓN
Agencia/entidad que catalogó originalmente la obra MUNICIPALIDAD PROVINCIAL DEL CUSCO
Entidad que transcribió la catalogación BIBLIOTECA MUNICIPAL DEL CUSCO
082 ## - NÚMERO DE LA CLASIFICACIÓN DECIMAL DEWEY
No. de Clasificación 300.61 / F63N
Notacion interna F63N
100 ## - ENTRADA PRINCIPAL--NOMBRE DE PERSONA
Nombre Personal Bruce Mannheim, Ralph Bolton
245 ## - MENCIÓN DE TÍTULO
Título Jorge A. Flores Ochoa, Notas Exegéticas y Testimonios :
260 ## - PUBLICACIÓN, DISTRIBUCIÓN, ETC.
Lugar de publicación, distribución, etc. Cusco :
Nombre de la editorial, distribuidor, etc. Municipalidad Provincial del Cusco
Fecha de publicación, distribución, etc. 2022
300 ## - DESCRIPCIÓN FÍSICA
Nº de Páginas Extensión 295 páginas. :
Dimensiones 22x15 cm.
505 ## - NOTA DE CONTENIDO CON FORMATO
Nota de contenido formateada Un camélido y una canción de amor -- Querido amigo Jorge Flores -- Creencia andina -- La mirada indígena al turismo -- Antropología de la Convención -- Legado cultural de Jorge Flores
942 ## - ELEMENTOS DE PUNTO DE ACCESO ADICIONAL (KOHA)
Fuente de clasificación
Tipo de item Libros-BMC
945 ## - PROCESAMIENTO DE INFORMACIÓN LOCAL (OCLC)
Catalogador pbjr
AAAA-MM-DD - Fecha de ingreso o modificacion 2022
Holdings
Estado de retiro (separado) Fuente de clasificación o esquema de estanterías Estado dañado Ubicación Sala donde se ubica Nombre de la colección Fecha de adquisición o compra Fuente de adquisición Costo, precio normal en soles Signatura topográfica Código de Barras Última vez visto (Koha) Tipo de ítem (Koha)
No     Sala Humanidades Sala Humanidades Book Cart 2025-01-24 Donación 20.00 300.61 / F63N SH0000016908 2025-01-24 Libros-BMC

Powered by Koha